| 000 | 01089cam a2200229 4500 | ||
|---|---|---|---|
| 001 | WB4018-09 | ||
| 008 | 040512n2004 000 0 eng u | ||
| 035 | _a(Sirsi) u126168 | ||
| 245 | _aRetailers called on to help policy | ||
| 260 | _c2004 | ||
| 490 |
_aPlanning (for the Natural and Built Environment) _v(1568) 7 May 2004, 4(1) |
||
| 520 | _aA report on improving competitiveness by the Retail Strategy Group has called on retailers to be more involved in planning policy. The report argues for greater co-operation between retailers and government and for retailers to engage with regional planning bodies in preparing guidance at a regional level. This would help the planning system work more effectively and provide protection from larger shopping centres. "Retail Strategy Group report: driving change" can be viewed at http://www.brc.org.uk/RSG/. | ||
| 590 | _aWB | ||
| 590 | _aWB | ||
| 650 | _aRETAILERS | ||
| 650 | _aRETAIL POLICY | ||
| 650 | _aPLANNING POLICY | ||
| 650 | _aREGIONAL PLANNING | ||
| 650 | _aSHOPPING CENTRES | ||
| 690 | _aPLANNING | ||
| 942 | _n0 | ||
| 999 |
_c117338 _d117338 |
||